000 03345cam a22006494i 4500
003 PE-LiUPU
005 20250731172801.0
008 150617s1991 sp rb 000 0 spa d
020 _a843011128X
035 _a(Sirsi) i9788430111282
035 _a(Sirsi) i9788430111282
040 _aPE-LiUPU
_bspa
_cPE-LiUPU
_erda
049 _aPRUA
082 0 4 _a229
_bV61
_221
100 1 _aVielhauer, Philipp,
_eautor.
245 1 0 _aHistoria de la literatura cristiana primitiva :
_bintroducción al Nuevo Testamento, los apócrifos y los padres apostólicos /
_cPhilipp Vielhauer ; [tradujeron Manuel Olasagasti, Antonio Piñero, Senén Vidal].
250 _a2a Edición.
264 1 _aSalamanca :
_bEdiciones Sígueme,
_c1991.
300 _a865 páginas ;
_c22 centímetros
336 _atext
_2rdacontent
337 _aunmediated
_2rdamedia
338 _avolume
_2rdacarrier
490 0 _aBiblioteca de Estudios Bíblicos ;
_v72
505 0 _aEl corpus "paulino -- Los evangelios sinópticos y los hechos de los apóstoles -- El círculo joánico -- Los apocalipsis -- Las cartas tardías -- Cartas pseudónimas -- Evangelios apócrifos -- Hechos apócrifos de los apóstoles -- Ordenanzas comunitarias y escritos litúrgicos -- El final de la literatura cristiana primitiva.
526 _aSEG42
526 _aSEG41
526 _aSEG40
526 _aSEG39
526 _aP94
526 _aP87
526 _aP86
526 _aP85
526 _aP77
526 _aP76
526 _aP35
541 _g007-0020527;
630 _aBiblia
_pN.T.
_xCrítica e interpretación.
650 0 4 _aLiteratura cristiana primitiva
_xHistoria y crítica.
700 1 _aOlasagasti, Manuel,
_etraductor.
700 1 _aPiñero, Antonio,
_etraductor.
700 1 _aVidal, Senén1941- ,
_etraductor.
910 _ajck
_bjvq
_cjck
_d20150616
942 _2ddc
_cBOOK
949 _a229 V61
_wDEWEY
_c1
_i60927
_lCCODEBUL1
_mBUL
_r0
_sY
_tBOOK
_u2015-6-17
_xTEOLOGIA
_PP35
_0COMPRA
_o.STAFF. Colección Teología
949 _a229 V61
_wDEWEY
_c3
_i59239
_lCCODEBUL1
_mBUL
_r0
_sY
_tBOOK
_u2015-6-17
_xTEOLOGIA
_PP35
_0COMPRA
_o.STAFF. Colección Teología
949 _a229 V61
_wDEWEY
_c4
_i34979
_lCCODEBUL1
_mBUL
_r0
_sY
_tBOOK
_u2015-6-17
_xTEOLOGIA
_PP35
_0COMPRA
_o.STAFF. Colección Teología
949 _a270.1 V63
_wDEWEY
_c2
_i43994
_d2016-10-26
_e2016-10-23
_lCCODEBUL1
_mBUL
_n2
_r0
_sY
_tBOOK
_u2015-6-17
_xTEOLOGIA
_PP35
_0COMPRA
_o.STAFF. Colección Teología
994 _aC0
_bPEPRU
596 _a1
999 _a229 V61
_wDEWEY
_c3438
_i60927
_f2021-11-9
_g5
_lCCODEBUL1
_mBUL
_r0
_sY
_tBOOK
_u2015-6-17
_xTEOLOGIA
_PP35
_0COMPRA
_o.STAFF. Colección General
_d3438
999 _a229 V61
_wDEWEY
_c3
_i59239
_d2018-10-9
_f2021-11-9
_g5
_lCCODEBUL1
_mBUL
_q2
_r0
_sY
_tBOOK
_u2015-6-17
_xTEOLOGIA
_PP35
_0COMPRA
_o.STAFF. Colección General
999 _a229 V61
_wDEWEY
_c4
_i34979
_e2017-5-11
_f2021-11-9
_g5
_lCCODEBUL1
_mBUL
_n2
_p73.00
_r0
_sY
_tBOOK
_u2015-6-17
_xTEOLOGIA
_PP35
_0COMPRA
_o.STAFF. Colección Teología
999 _a270.1 V63
_wDEWEY
_c2
_i43994
_d2017-10-19
_e2017-10-15
_f2021-11-11
_g5
_lCCODEBUL1
_mBUL
_n3
_p73.00
_r0
_sY
_tBOOK
_u2015-6-17
_xTEOLOGIA
_PP35
_0COMPRA
_o.STAFF. Colección Teología
980 _81
_gALBERTO SANCHEZ Responsable de Automatización